Loading...
| MB | 0 | 6 | 3 | 2 | 45 | 73 | 108.00 | 0 | 1 | 0.00 | 0.00 |
| AG | 0 | 4 | 0 | 2 | 40 | 94 | 107.75 | 0 | 0 | 0.00 | 0.00 |
| BB | 0 | 4 | 1 | 4 | 35 | 120 | 124.75 | 0 | 0 | 0.00 | 0.00 |
| AW | 0 | 2 | 0 | 0 | 20 | 129 | 129.00 | 0 | 0 | 0.00 | 0.00 |
| DM | 0 | 2 | 0 | 1 | 20 | 109 | 118.00 | 0 | 1 | 0.00 | 0.00 |
| AR | 0 | 1 | 0 | 0 | 10 | 103 | 103.00 | 0 | 0 | 0.00 | 0.00 |
| 0 | 1 | 0 | 1 | 10 | 116 | 116.00 | 0 | 0 | 0.00 | 0.00 |
| MB | irony | 10 | 73 |
| MB | David Hume | 10 | 73 |
| BB | atomic nuclei | -5 | 78 |
| MB | Bohemia | -5 | 90 |
| MB | Bohemia | -5 | 90 |
| AG | Frantz Fanon | 10 | 94 |
| AG | Frantz Fanon | 10 | 94 |
| AR | Enoch | 10 | 103 |
| MB | Avicenna | -5 | 104 |
| AG | Jean Rhys | 10 | 105 |